Among the water-fowl ; observation, adventure, photography. A popular narrative account of the water-fowl as found in the northern and middle states and lower Canada, east of the Rocky mountains,cby Herbert K. Job, profusely illustrated by photographs from nature, mostly by the author.

Bibliographic Details
Main Author: Job, Herbert Keightley, 1864-1933
Format: Book
Language:English
Published: New York : Doubleday, Page & co., 1902.
Subjects:

MARC

Tag First Indicator Second Indicator Subfields
LEADER 00000cam a2200000 4500
001 in00000052855
005 20151007074200.0
008 750807s1902 nyua 00010 eng u
010 |a  02015887  
035 |a (OCoLC)01521675 
035 |9 AAF1078AM 
040 |c DZM  |d TXA  |d UtOrBLW 
049 |a TXAM  |c [122715] 
050 0 0 |a QL676  |b .J62 
092 |a 598.2  |b J62a 
100 1 |a Job, Herbert Keightley,  |d 1864-1933. 
245 1 0 |a Among the water-fowl ;  |b observation, adventure, photography. A popular narrative account of the water-fowl as found in the northern and middle states and lower Canada, east of the Rocky mountains,cby Herbert K. Job, profusely illustrated by photographs from nature, mostly by the author. 
264 1 |a New York :  |b Doubleday, Page & co.,  |c 1902. 
300 |a xxi, 224 pages :  |b frontispiece, ilus. ;  |c 22 cm. 
336 |a text  |b txt  |2 rdacontent 
337 |a unmediated  |b n  |2 rdamedia 
338 |a volume  |b nc  |2 rdacarrier 
650 0 |a Water birds. 
650 0 |a Birds. 
999 |a MARS 
999 f f |s 498bc8a0-e718-3f1b-813f-7bf71c16c787  |i 29b76403-f9d8-35d5-b2f3-6e437a77ea95  |t 0 
952 f f |p ric  |a Texas A&M University  |b Rellis Campus  |c Joint Library Facility  |d Remote Storage  |t 0  |e QL676 .J62  |h Library of Congress classification  |i unmediated -- volume  |m A14801021632 
998 f f |a QL676 .J62  |t 0  |l Remote Storage